| 000 | 01008nam2a22002531 4500 | ||
|---|---|---|---|
| 001 | v19\rc\1982206 | ||
| 005 | 20251118181206.2 | ||
| 035 | _a(NLR Aleph) 005065219 | ||
| 090 |
_a7038008 _c7038008 |
||
| 100 | _a20080623d1914 u y0rusy50 ca | ||
| 101 | 0 | _arus | |
| 102 | _aRU | ||
| 105 | _ay z ||||| | ||
| 200 | 0 |
_a... за 1913 год _e1-й операц. г. |
|
| 210 | _d1914 | ||
| 215 | _a13 с. | ||
| 461 | 0 |
_1001v19\rc\1982205 _12001#$aОтчет Шабского общества потребителей "Победа"...$v... за 1913 год _97038000 _a"Победа", общество потребителей (Посад Шабо, Аккерманск. уезд) _cАккерман _d1914-1916 _tОтчет Шабского общества потребителей "Победа"... _v... за 1913 год |
|
| 801 | 0 |
_aRU _bNLR _gpsbo |
|
| 801 | 0 |
_aRU _bRuMoRGB _2psbo |
|
| 801 | 1 |
_aRU _bProSoft-M _2rusmarc |
|
| 852 |
_aNLR _j18.310.7.16(1) |
||
| 899 |
_aRuMoRGB _jV 4/33 |
||
| 942 | _cBOOK | ||
| 980 | _aNB | ||